[Event "Hamburg State-ch U16"]
[Site "Cuxhaven"]
[Date "2005.03.17"]
[Round "8"]
[White "Siewert, Marc"]
[Black "Hoffmann, Daniel"]
[Result "0-1"]
[WhiteElo "1166"]
[BlackElo "1630"]
[PlyCount "108"]
[EventDate "2005.03.12"]
[EventType "swiss"]
[EventRounds "9"]
[EventCountry "GER"]
[SourceTitle "EXT 2007"]
[Source "ChessBase"]
[SourceDate "2006.11.23"]
[SourceVersion "1"]
[SourceVersionDate "2006.11.23"]
[SourceQuality "1"]

1. e4 e5 2. Nf3 Nc6 3. Bc4 Bc5 4. b4 Bxb4 5. c3 Be7 6. d4 exd4 7. 0-0 d6 8. Qb3 Na5 9. Bxf7+ Kf8 10. Qa4 Kxf7 11. Qxa5 dxc3 12. Ng5+ Bxg5 13. Bxg5 Nf6 14. f4 Re8 15. Nxc3 c6 16. Qxd8 Rxd8 17. e5 dxe5 18. fxe5 h6 19. Bxf6 gxf6 20. Rxf6+ Kg7 21. Raf1 Re8 22. Re1 Re6 23. Rf2 Bd7 24. Rd2 Re7 25. Red1 Bf5 26. Re1 Rae8 27. g4 Bg6 28. Rde2 b6 29. h4 Re6 30. Nd1 Bd3 31. Re3 Bc4 32. a3 a5 33. Kf2 b5 34. Nb2 Bd5 35. Nd3 Rg6 36. Kg3 Be6 37. Nf2 b4 38. axb4 axb4 39. Re4 c5 40. Nd3 Bf5 41. Nxc5 Bxe4 42. Rxe4 Rc6 43. Na4 Rb8 44. Re2 b3 45. Re1 b2 46. Rb1 Rb3+ 47. Kg2 Rc4 48. Rxb2 Rxb2+ 49. Nxb2 Rc2+ 50. Kf3 Rxb2 51. Kf4 Kf7 52. Kf5 Rf2+ 53. Ke4 Ke6 54. Ke3 Rf1 0-1

[Event "Hamburg State-ch U16"]
[Site "Cuxhaven"]
[Date "2005.03.12"]
[Round "1"]
[White "Siewert, Marc"]
[Black "Maiorov, Daniel"]
[Result "1/2-1/2"]
[WhiteElo "1166"]
[BlackElo "1648"]
[PlyCount "72"]
[EventDate "2005.03.12"]
[EventType "swiss"]
[EventRounds "9"]
[EventCountry "GER"]
[SourceTitle "EXT 2007"]
[Source "ChessBase"]
[SourceDate "2006.11.23"]
[SourceVersion "1"]
[SourceVersionDate "2006.11.23"]
[SourceQuality "1"]

1. e4 c5 2. Nf3 d6 3. d4 cxd4 4. Nxd4 Nf6 5. Nc3 g6 6. Be3 Bg7 7. f3 Nc6 8. Qd2 0-0 9. 0-0-0 Nxd4 10. Bxd4 Be6 11. Kb1 Qc7 12. Nd5 Bxd5 13. exd5 Rfc8 14. Rc1 a5 15. g4 a4 16. h4 Qa5 17. Qxa5 Rxa5 18. c4 Nd7 19. Bxg7 Kxg7 20. g5 Rac5 21. Bh3 R8c7 22. Bxd7 Rxd7 23. h5 b5 24. h6+ Kf8 25. Rh4 Rdc7 26. b3 axb3 27. axb3 bxc4 28. Rhxc4 Rxc4 29. Rxc4 Rxc4 30. bxc4 f6 31. f4 Ke8 32. Kb2 Kd7 33. Kc3 Kc7 34. Kb3 Kb6 35. Kb4 f5 36. c5+ dxc5+ 1/2-1/2